Annual report.

Bibliographic Details
Corporate Author: South African Central Locust Bureau, Pretoria. Committee of Control
Format: Serial
Language:English
Published: Cape Town, [publisher not identified] ; 19.
Subjects:

MARC

Tag First Indicator Second Indicator Subfields
LEADER 00000cas a2200000 4500
001 in00000057958
005 20151008050949.0
008 800418c19uu9999sa ar f0uuua0eng
010 |a  11013831  
035 |a (OCoLC)06216994 
035 |9 AAG4614AM 
040 |a DLC  |c TXA  |d UtOrBLW 
049 |a TXAE 
050 0 |a SB945.L7  |b S7 
110 2 |a South African Central Locust Bureau, Pretoria.  |b Committee of Control. 
245 1 0 |a Annual report. 
264 1 |a Cape Town,  |b [publisher not identified] ;  |c 19. 
300 |a  volumes :  |b color plates, folded maps. ;  |c 24 cm. 
336 |a text  |b txt  |2 rdacontent 
337 |a unmediated  |b n  |2 rdamedia 
338 |a volume  |b nc  |2 rdacarrier 
650 0 |a Locusts. 
999 |a MARS 
999 f f |s d0286f9d-f298-3938-8824-c55e5915dfc9  |i 2cf4acbb-34ad-3dac-8d8e-cfb618fba070  |t 0 
952 f f |p ric  |a Texas A&M University  |b Rellis Campus  |c Joint Library Facility  |d Remote Storage  |t 0  |e SB945.L7 S7  |h Library of Congress classification  |i unmediated -- volume  |k 1st -4th  |l 1907-1910  |m A14809663690 
998 f f |a SB945.L7 S7  |s 1-4,1907-10  |t 0  |l Remote Storage